"Bratstvo" vo Vrútkach Pred 65 rokmi konala sa ustanovujúca schôdza prvej robotníckej kníhtlačiarne

Bibliographic Details
Main Author: (PMK) (Author)
Format: Article
Language:Slovak
Subjects:

MARC

LEADER 00000nab a2200000 a 4500
001 vtls000320162
003 SK-MaSNL
005 20260303042915.0
008 111201c1988 xo 0 slo
015 |a SNBRB19rr/mm-uuuuu 
035 |a CL0320284 
040 |a SNKBUCL  |b slo  |c SNKBUCL  |e AACR2 
041 0 |a slo 
044 |a xo  |c SK 
080 |a 943.76:655.1/.3  |2 1981 
080 |a 655.1/.3  |2 1981 
100 1 |a (PMK)  |4 aut  |9 903696 
245 1 0 |a "Bratstvo" vo Vrútkach  |b Pred 65 rokmi konala sa ustanovujúca schôdza prvej robotníckej kníhtlačiarne  |c (PMK) 
610 7 |a Bratstvo (kníhtlačiareň : Vrútky, Slovensko)  |2 snkbucl  |9 158389 
610 2 7 |a Bratstvo (kníhtlačiareň : Vrútky, Slovensko)  |2 snkbucl  |9 158389 
650 0 7 |a tlačiarne  |2 snkbucl  |9 26683 
651 7 |a 5306  |2 snkbucl  |9 893716 
655 7 |a články z novín a časopisov  |2 snkbucl  |9 267496 
773 0 |t Smer  |g Roč. 40, č. 47 (26. 2. 1988), s. 12 
850 |a Slovenská národná knižnica v Martine  |a MTA001 
852 |a SNK  |b KIS3GCP 
958 |a RK 
992 |a RBX 
999 |c 1694466  |d 1696396